000
00243nam a2200097Ia 4500
008
200302s9999 xx 000 0 und d
100
_a
Henri Stierlin
245
_a
Architecture of the World Egypt
260
_b
Taschen Verlag Gmbh
300
_a
192 P.,
999
_c
847
_d
847